[Event "SLO-chT2 East"]
[Site "Slovenia"]
[Date "2018.11.13"]
[Round "6"]
[White "Zvarc, Tomaz"]
[Black "Kolar, Drago"]
[Result "1-0"]
[WhiteElo "1753"]
[BlackElo "1793"]
[PlyCount "115"]
[EventDate "2018.09.15"]
[EventType "team-tourn"]
[EventRounds "9"]
[EventCountry "SLO"]
[SourceTitle "EXT 2021"]
[Source "ChessBase"]
[SourceDate "2020.10.23"]
[SourceVersion "1"]
[SourceVersionDate "2020.10.23"]
[SourceQuality "1"]
[WhiteTeam "Kamnica"]
[BlackTeam "Brezice"]
[WhiteTeamCountry "SLO"]
[BlackTeamCountry "SLO"]

1. e4 c6 2. d4 d5 3. exd5 cxd5 4. Bd3 Nc6 5. Nf3 Bg4 6. c3 e6 7. 0-0 Bd6 8. h3 Bh5 9. Nbd2 Nf6 10. Re1 Qc7 11. Qc2 Rc8 12. Bb5 a6 13. Bxc6+ bxc6 14. Ne5 Bg6 15. Qa4 Qb7 16. Ndf3 Ne4 17. c4 0-0 18. c5 Be7 19. Re3 Qb5 20. Qd1 Bh5 21. g4 Bg6 22. Rb3 Qa4 23. Nd7 Bd8 24. Nxf8 Kxf8 25. Ne5 Nf6 26. Be3 Be4 27. Rb7 Qxd1+ 28. Rxd1 Bg6 29. f3 Ne8 30. Nxg6+ hxg6 31. Rd3 Rc7 32. Rdb3 Ke7 33. Bf4 Rxb7 34. Rxb7+ Kf8 35. Ra7 a5 36. Bd2 Bf6 37. Bc3 Bh4 38. Rxa5 f5 39. Ra6 Ke7 40. Rxc6 Kd7 41. Ra6 fxg4 42. hxg4 Bf6 43. b4 Nc7 44. Ra7 Kc8 45. a4 Kb8 46. Ra5 Bd8 47. b5 Kb7 48. b6 Na6 49. Rb5 Bf6 50. Rb1 Nb8 51. a5 Nc6 52. Rd1 Ka6 53. Kf2 Bg5 54. Rb1 Bf4 55. b7 Ka7 56. a6 Bc7 57. Ra1 Nb8 58. Ba5 1-0